| 000 | 00525nam a2200181Ia 4500 | ||
|---|---|---|---|
| 005 | 20241213103156.0 | ||
| 008 | 231217s9999 xx 000 0 und d | ||
| 020 | _a9788131711064 | ||
| 082 | _a001.6424UML BLA;14 | ||
| 100 | _aBlaha, Michael R, Rumbaugh, James R. | ||
| 245 | 0 | _aObject oriented modeling and design with UML | |
| 250 | _a2nd ed. | ||
| 260 |
_c2005 _bDorling Kindersley _aNew Delhi |
||
| 300 | _axvii, 477 | ||
| 500 | _aContent page available. | ||
| 650 | _aObject,oriented,modeling,UML | ||
| 942 | _cAA | ||
| 999 |
_c187918 _d187918 |
||